Facets of humanism (Record no. 136128)

MARC details
000 -LEADER
fixed length control field 00773nam a22002297a 4500
010 ## - LIBRARY OF CONGRESS CONTROL NUMBER
LC control number A-943632
035 ## - SYSTEM CONTROL NUMBER
System control number A-943632
040 ## - CATALOGING SOURCE
Original cataloging agency DPL
Language of cataloging EN
082 ## - DEWEY DECIMAL CLASSIFICATION NUMBER
Edition number 144
Item number FAC
245 ## - TITLE STATEMENT
Title Facets of humanism
Remainder of title edited by P. K. Mohapatra, T. Patnaik [and] S. K. Mohanty
260 ## - PUBLICATION, DISTRIBUTION, ETC. (IMPRINT)
Place of publication, distribution, etc Bhubneswar
Name of publisher, distributor, etc Department of Special Assistance in Philosophy
Date of publication, distribution, etc 1999
270 ## - ADDRESS
Address Decent Books, D-36/A-1 Mohan Gardan
City Najafgarh Road, New Delhi
Postal code 110059
300 ## - PHYSICAL DESCRIPTION
Extent 190p(Hb)
Other physical details 24cm
490 ## - SERIES STATEMENT
Series statement Utkal studies in philosophy, v.6.
650 ## - SUBJECT ADDED ENTRY--TOPICAL TERM
Topical term or geographic name as entry element Humanism
9 (RLIN) 34583
650 ## - SUBJECT ADDED ENTRY--TOPICAL TERM
Topical term or geographic name as entry element Philosophy.
9 (RLIN) 110999
700 ## - ADDED ENTRY--PERSONAL NAME
Personal name Mohapatra, P. K.
9 (RLIN) 111000
700 ## - ADDED ENTRY--PERSONAL NAME
Personal name Patnaik, T.
9 (RLIN) 13801
700 ## - ADDED ENTRY--PERSONAL NAME
Personal name Mohanty, S. K.
9 (RLIN) 111001
710 ## - ADDED ENTRY--CORPORATE NAME
Corporate name or jurisdiction name as entry element Patnaik, T.
9 (RLIN) 13801
942 ## - ADDED ENTRY ELEMENTS (KOHA)
Source of classification or shelving scheme Dewey Decimal Classification
Koha item type English Books
Classification part 144
Call number suffix FAC
Holdings
Withdrawn status Lost status Damaged status Not for loan Home library Current library Date acquired Source of acquisition Total Checkouts Full call number Barcode Date last seen Copy number Price effective from Koha item type Public note
Written off       Central Library Central Library 19/12/2015 Cen Lib/Ret   144 FAC A-943632 19/12/2015 1 19/12/2015 English Books Written off on approval by DLB (By Circulation); dtd 15-06-2023

© Delhi Public Library
Hit Counter
free hit counter